Êtes-vous rapide ? Test de rapidité aléatoire - Statistiques

Statistiques générales
  • Ce quiz a été pris 1 717 fois
  • Le résultat moyen est 9 sur 26
Statistiques - réponses
Hint Réponse % Correct
W W
40%
K K
38%
V V
37%
A A
36%
E E
36%
L L
36%
Q Q
36%
X X
36%
Y Y
36%
Z Z
36%
B B
35%
D D
35%
F F
35%
G G
35%
H H
35%
I I
35%
M M
35%
N N
35%
O O
35%
P P
35%
S S
35%
U U
35%
C C
34%
R R
34%
J J
33%
T T
32%
Aucun quiz correspondant
Distribution des résultats
% des personnes avec chaque résultat
Percentile par nombre de réponses
Votre historique - résultats
Vous n’avez pas pris ce quiz